00305nam a2200133Ia 4500008004100000022001300041041000800054082001100062100001500073245002900088260002800117300001900145440000700164240112s2006 xx 000 0 und d a00196169 aeng a616.05 aGODINHO V. aTHE INDIAN PRACTITIONES  bINDIAN PRACTIONARc2006 a780,HBc(1-11) v59